Marvel Comics: Members of the Ultimates by Picture - Statistics

General Stats
  • This quiz has been taken 70 times
  • The average score is 21 of 32
Answer Stats
Picture Answer % Correct
Black Panther/T`Challa
98%
Captain America/Steven Rogers
91%
Nick Fury
89%
Spider-Man/Miles Morales
89%
Human Torch/Johnny Storm
88%
Invisible Woman/Susan Storm
88%
Thor Odinson
88%
Scarlet Witch/Wanda Lensherr
86%
Spider-Woman/Jessica Drew
84%
Thing/Ben Grimm
84%
Hulk/Bruce Banner
82%
Iron Man/Antonio Stark
80%
Wasp/Janet Vand Dyne
80%
Wolverine/James Howlett
80%
Quicksilver/Pietro Lensherr
79%
Captain Britain/James Braddock, Jr.
77%
Dagger/Tandy Bowen
77%
Cloak/Tyrone Johnson
75%
Valkyrie/Barbara Norriss
75%
Falcon/Sam Wilson
73%
Ironheart/Riri Williams
70%
Kitty Pryde
63%
Black Widow/Natalia Romanova
55%
Giant-Man/Henry Pym
52%
Hawkeye/Clint Barton
41%
Ka-Zar
36%
Giant-Man/Scott Lang
29%
Black Widow/Monica Chang
13%
Carol Danvers
13%
Bombshell/Lana Baumgartner
11%
Shanna
7%
Zarda
5%
No matching quizzes found
Score Distribution
Percent of People with Each Score
Percentile by Number Answered
Your Score History
You have not taken this quiz